<?xml version="1.0" encoding="UTF-8"?>
<record
    xmlns:xsi="http://www.w3.org/2001/XMLSchema-instance"
    xsi:schemaLocation="http://www.loc.gov/MARC21/slim http://www.loc.gov/standards/marcxml/schema/MARC21slim.xsd"
    xmlns="http://www.loc.gov/MARC21/slim">

  <leader>00308nam a22001337a 4500</leader>
  <controlfield tag="003">OSt</controlfield>
  <controlfield tag="008">240119b        |||||||| |||| 00| 0 eng d</controlfield>
  <datafield tag="020" ind1=" " ind2=" ">
    <subfield code="a">9781785040474</subfield>
  </datafield>
  <datafield tag="100" ind1=" " ind2=" ">
    <subfield code="a">SCHWARTZ,David</subfield>
  </datafield>
  <datafield tag="245" ind1=" " ind2=" ">
    <subfield code="a">The Magic of Thinking Big</subfield>
  </datafield>
  <datafield tag="260" ind1=" " ind2=" ">
    <subfield code="a">USA</subfield>
    <subfield code="b">Vermilion</subfield>
    <subfield code="c">2017</subfield>
  </datafield>
  <datafield tag="300" ind1=" " ind2=" ">
    <subfield code="a">362</subfield>
  </datafield>
  <datafield tag="942" ind1=" " ind2=" ">
    <subfield code="2">ddc</subfield>
    <subfield code="c">BK</subfield>
  </datafield>
  <datafield tag="999" ind1=" " ind2=" ">
    <subfield code="c">12171</subfield>
    <subfield code="d">12171</subfield>
  </datafield>
  <datafield tag="952" ind1=" " ind2=" ">
    <subfield code="0">0</subfield>
    <subfield code="1">0</subfield>
    <subfield code="2">ddc</subfield>
    <subfield code="4">0</subfield>
    <subfield code="7">0</subfield>
    <subfield code="8">GENERAL</subfield>
    <subfield code="a">PIET</subfield>
    <subfield code="b">PIET</subfield>
    <subfield code="d">2024-01-13</subfield>
    <subfield code="e">Zafaa Books and Distributors</subfield>
    <subfield code="f">In rupees</subfield>
    <subfield code="g">550.00</subfield>
    <subfield code="k">ZBD0321</subfield>
    <subfield code="l">0</subfield>
    <subfield code="o">158.1 SCM</subfield>
    <subfield code="p">35361</subfield>
    <subfield code="r">2024-01-19 00:00:00</subfield>
    <subfield code="v">385.00</subfield>
    <subfield code="w">2024-01-13</subfield>
    <subfield code="y">REF</subfield>
  </datafield>
  <datafield tag="952" ind1=" " ind2=" ">
    <subfield code="0">0</subfield>
    <subfield code="1">0</subfield>
    <subfield code="2">ddc</subfield>
    <subfield code="4">0</subfield>
    <subfield code="7">0</subfield>
    <subfield code="8">GENERAL</subfield>
    <subfield code="a">PIET</subfield>
    <subfield code="b">PIET</subfield>
    <subfield code="d">2024-01-13</subfield>
    <subfield code="e">Zafaa Books and Distributors</subfield>
    <subfield code="f">In rupees</subfield>
    <subfield code="g">550.00</subfield>
    <subfield code="k">ZBD0321</subfield>
    <subfield code="l">4</subfield>
    <subfield code="o">158.1 SCM</subfield>
    <subfield code="p">35362</subfield>
    <subfield code="r">2025-07-24 00:00:00</subfield>
    <subfield code="s">2025-07-12</subfield>
    <subfield code="v">385.00</subfield>
    <subfield code="w">2024-01-13</subfield>
    <subfield code="y">BK</subfield>
  </datafield>
  <datafield tag="952" ind1=" " ind2=" ">
    <subfield code="0">0</subfield>
    <subfield code="1">0</subfield>
    <subfield code="2">ddc</subfield>
    <subfield code="4">0</subfield>
    <subfield code="7">0</subfield>
    <subfield code="8">GENERAL</subfield>
    <subfield code="a">PIET</subfield>
    <subfield code="b">PIET</subfield>
    <subfield code="d">2024-12-26</subfield>
    <subfield code="e">Flipkart</subfield>
    <subfield code="f">INR</subfield>
    <subfield code="g">197.00</subfield>
    <subfield code="k">FAM76H2500057188</subfield>
    <subfield code="l">1</subfield>
    <subfield code="o">158.1 SCM</subfield>
    <subfield code="p">38526</subfield>
    <subfield code="r">2025-05-26 00:00:00</subfield>
    <subfield code="s">2025-04-25</subfield>
    <subfield code="v">197.00</subfield>
    <subfield code="w">2024-12-18</subfield>
    <subfield code="y">BK</subfield>
  </datafield>
  <datafield tag="952" ind1=" " ind2=" ">
    <subfield code="0">0</subfield>
    <subfield code="1">0</subfield>
    <subfield code="2">ddc</subfield>
    <subfield code="4">0</subfield>
    <subfield code="7">0</subfield>
    <subfield code="8">GENERAL</subfield>
    <subfield code="a">PIET</subfield>
    <subfield code="b">PIET</subfield>
    <subfield code="d">2024-12-26</subfield>
    <subfield code="e">Flipkart</subfield>
    <subfield code="f">INR</subfield>
    <subfield code="g">197.00</subfield>
    <subfield code="k">FAM76H2500057188</subfield>
    <subfield code="l">2</subfield>
    <subfield code="o">158.1 SCM</subfield>
    <subfield code="p">38527</subfield>
    <subfield code="r">2026-04-30 14:22:41</subfield>
    <subfield code="s">2026-01-02</subfield>
    <subfield code="v">197.00</subfield>
    <subfield code="w">2024-12-18</subfield>
    <subfield code="y">BK</subfield>
  </datafield>
</record>
